00302nam a2200133Ia 4500003000900000008004100009040001300050040001300063245005400076245001100130260001300141300000800154490000600162IT-RoPAU120407s9999 xx 000 0 und d aIT-RoPAU cIT-RoPAU aL'anno Santo 1950 cronistoria del grande giubileo cAA.VV. aVaticana c cm v2